Totta vai tarua? - Maantiede #5 - Statistics

Yleistilastot
  • Tätä visaa on pelattu 711 kertaa
  • Keskiarvotulos 12 / 18
Vastaustilastot
Kysymys Vastaus % Oikein
Jokaisella valtiolla, jolla on ydinvoimalaitoksia, on myös ydinaseita Tarua
96%
Bolivia on sisämaavaltio Totta
93%
Amsterdamissa on 90 saarta ja ei yhtään siltaa Tarua
81%
Böömi sijaitsee Tšekissä Totta
80%
Suurin osa hinduista puhuu hindiä ensimmäisenä tai vieraana kielenä Totta
79%
Pohjois-Amerikassa ei ole sisämaavaltioita Totta
76%
Mumbai sijaitsee Intian länsirannikolla Totta
73%
Suurin osa puolalaisista on slaaveja Totta
73%
Kalahari sijaitsee Afrikassa Totta
71%
On olemassa valtio, jonka suomenkielinen nimi tarkoittaa jonkin vaatekappaleen nimeä Totta
71%
Riad sijaitsee merenrannalla Tarua
69%
Suurin osa afrikkalaisista osaa puhua ranskaa Tarua
64%
Texasissa on enemmän asukkaita kuin New Yorkin osavaltiossa Totta
61%
Bahaman pääkaupunki on Hamilton Tarua
60%
Kanada sijaitsee kaikkien viiden Isojenjärvien rannalla Tarua
54%
Taiga on subarktinen puuton kasvillisuusvyöhyke Tarua
50%
Acapulco sijaitsee Meksikonlahdella Tarua
45%
Mount Rainier on tulivuori Totta
44%
Ehtoja vastaavia visoja ei löytynyt
Tulosjakauma
Jokaisen tuloksen saaneiden osuus
Persentiili vastausten määrän mukaan
Tuloshistoriasi
Et ole pelannut tätä visaa